000 01546cam a22003974i 4500
003 PE-LiUPU
005 20250731173204.0
008 150625s r 000 0 d
035 _a(Sirsi) a30688
040 _aPE-LiUPU
_bspa
_cPE-LiUPU
_erda
082 0 4 _a220.21
_bJ67
_221
100 1 _aJohnson, Kurt W.,
_eautor.
245 1 0 _aSmall Group Outreach.
264 1 _aHagerstown, Meriland :
_bReview and Herald,
_c1991.
300 _a96 páginas ;
_c20 cm.
336 _atext
_2rdacontent
337 _aunmediated
_2rdamedia
338 _avolume
_2rdacarrier
505 0 _aPreface. -Spiritual Essentials. -Small groups in early church history. -Introduction to small groups. -Four components of small groups. -A small group is different. -How will they learn?. -Getting started. -Obtaining group members. -Opening nigth. -Visitation and obtaining decisions. -Questions commonly asked. -God honors vision.
526 _aSEG42
526 _aSEG41
526 _aSEG40
526 _aSEG39
526 _aP94
526 _aP87
526 _aP86
526 _aP85
526 _aP77
526 _aP76
526 _aP35
942 _2ddc
_cBOOK
949 _a220.21 J67
_wDEWEY
_c1
_i36389
_lCCODEBUL1
_mBUL
_p00.00
_r0
_sY
_tBOOK
_u2015-06-25
_xBIBLIOTECA
_zUNKNOWN
_0COMPRA
_o.STAFF. Colección General
596 _a1
999 _a220.21 J67
_wDEWEY
_c38158
_i36389
_f2021-11-9
_g5
_lCCODEBUL1
_mBUL
_r0
_sY
_tBOOK
_u2015-6-25
_xTEOLOGIA
_zUNKNOWN
_0COMPRA
_o.STAFF. Colección General
_d38158
980 _81
_gALBERTO SANCHEZ Responsable de Automatización